[Event "Titled Tuesday 2021.11.09"]
[Site "Chess.com INT"]
[Date "2021.11.09"]
[Round "5"]
[White "Markidis, Konstantinos"]
[Black "Golubka, Petro"]
[Result "0-1"]
[WhiteElo "2259"]
[BlackElo "2408"]
[WhiteFideId "-1"]
[BlackFideId "-1"]
[PlyCount "132"]
[GameId "1715161308958720"]
[EventDate "2021.11.09"]
[EventType "swiss (blitz)"]
[EventRounds "11"]
[EventCountry "NET"]
[SourceTitle "CBM 205 Extra"]
[Source "ChessBase"]
[SourceDate "2022.01.31"]
[SourceVersion "1"]
[SourceVersionDate "2022.01.31"]
[SourceQuality "1"]

1. e4 e5 2. Nf3 Nc6 3. Bb5 Nf6 4. O-O Nxe4 5. Re1 Nd6 6. Nxe5 Nxe5 7. Rxe5+ Be7 8. Bf1 O-O 9. d4 Ne8 10. d5 d6 11. Re1 Nf6 12. c4 Re8 13. Nc3 Bd7 14. h3 c6 15. Be3 Bf8 16. Qb3 b6 17. dxc6 Bxc6 18. Rad1 Re6 19. Nb5 Bxb5 20. Qxb5 Qe8 21. Qxe8 Raxe8 22. a4 g6 23. a5 Bh6 24. axb6 axb6 25. Rd3 Bxe3 26. Rexe3 Rxe3 27. fxe3 Ne4 28. Be2 Rd8 29. b4 Kf8 30. Bf3 Nf6 31. Bc6 Ke7 32. Ra3 d5 33. c5 bxc5 34. bxc5 Rc8 35. Ra7+ Ke6 36. Ra6 Ke5 37. Ba4 Rxc5 38. Ra7 Ke6 39. Ra6+ Ke7 40. Ra7+ Kf8 41. Ra8+ Kg7 42. Ra7 h5 43. Kf2 h4 44. Kf3 Rc3 45. Kf4 Rc4+ 46. Kf3 g5 47. Bb5 Rc3 48. Rb7 d4 49. Ke2 Rxe3+ 50. Kf2 Ne4+ 51. Kf1 Rb3 52. Bc6 Rxb7 53. Bxb7 Nc5 54. Bd5 f5 55. Ke2 Kf6 56. Kf3 Ke5 57. Bf7 Ne4 58. Ba2 d3 59. Ke3 d2 60. Bb3 g4 61. hxg4 fxg4 62. Bc2 h3 63. gxh3 gxh3 64. Kf3 Kd4 65. Bd1 h2 66. Kg2 Nf2 0-1

[Event "Titled Tuesday 2021.11.09"]
[Site "Chess.com INT"]
[Date "2021.11.09"]
[Round "6"]
[White "Golubka, Petro"]
[Black "Dev, Shah"]
[Result "1/2-1/2"]
[WhiteElo "2408"]
[BlackElo "2243"]
[WhiteFideId "-1"]
[BlackFideId "-1"]
[PlyCount "44"]
[GameId "1715161309167616"]
[EventDate "2021.11.09"]
[EventType "swiss (blitz)"]
[EventRounds "11"]
[EventCountry "NET"]
[SourceTitle "CBM 205 Extra"]
[Source "ChessBase"]
[SourceDate "2022.01.31"]
[SourceVersion "1"]
[SourceVersionDate "2022.01.31"]
[SourceQuality "1"]

1. d4 d5 2. Nf3 Nf6 3. Bf4 e6 4. e3 Bd6 5. Bg5 c5 6. c4 cxd4 7. Nxd4 dxc4 8. Nc3 Bb4 9. Qa4+ Nc6 10. Nxc6 Bxc3+ 11. bxc3 bxc6 12. Bxf6 Qxf6 13. Qxc6+ Bd7 14. Qxa8+ Ke7 15. Qxh8 Qxc3+ 16. Ke2 Qc2+ 17. Kf3 Qf5+ 18. Kg3 Qg5+ 19. Kf3 Qf5+ 20. Ke2 Qc2+ 21. Ke1 Qc3+ 22. Ke2 Qc2+ 1/2-1/2

[Event "Titled Tuesday 2021.11.09"]
[Site "Chess.com INT"]
[Date "2021.11.09"]
[Round "7"]
[White "Al Tarbosh, Ward"]
[Black "Golubka, Petro"]
[Result "1-0"]
[WhiteElo "2229"]
[BlackElo "2408"]
[WhiteFideId "-1"]
[BlackFideId "-1"]
[PlyCount "111"]
[GameId "1715161310470144"]
[EventDate "2021.11.09"]
[EventType "swiss (blitz)"]
[EventRounds "11"]
[EventCountry "NET"]
[SourceTitle "CBM 205 Extra"]
[Source "ChessBase"]
[SourceDate "2022.01.31"]
[SourceVersion "1"]
[SourceVersionDate "2022.01.31"]
[SourceQuality "1"]

1. e4 e5 2. Nf3 Nf6 3. Nxe5 d6 4. Nf3 Nxe4 5. Nc3 Nxc3 6. dxc3 Nc6 7. Bd3 Be7 8. Bf4 Be6 9. Qd2 Qd7 10. O-O-O O-O-O 11. Bb5 a6 12. Ba4 Bf6 13. Nd4 Bxd4 14. cxd4 b5 15. Bb3 Bxb3 16. axb3 d5 17. Rhe1 Kb7 18. Re3 Rhe8 19. Rde1 Rxe3 20. Qxe3 f6 21. c3 Kb6 22. Qe6 Qxe6 23. Rxe6 Kb7 24. h4 h5 25. f3 a5 26. g4 hxg4 27. fxg4 Rh8 28. h5 f5 29. Rg6 fxg4 30. Rxg7 Rxh5 31. Bxc7 a4 32. Bd6+ Ka6 33. bxa4 bxa4 34. Rxg4 Na5 35. Kc2 Nc4 36. Rg6 Kb5 37. Bf4 Rh4 38. Bc1 Rh2+ 39. Kd3 Rh1 40. Kc2 Rf1 41. Rg5 Kc6 42. Rg2 Kb5 43. Rg5 Nb6 44. Bd2 Rf2 45. Kd3 Rf3+ 46. Be3 Rh3 47. Ke2 Rh2+ 48. Bf2 Kc6 49. Rg6+ Kb5 50. Rg5 Kc4 51. Rg6 Nd7 52. Rd6 Rh7 53. Be3 Rf7 54. Kd2 Nf6 55. Rb6 Ne4+ 56. Kc2 1-0

[Event "Titled Tuesday 2021.11.09"]
[Site "Chess.com INT"]
[Date "2021.11.09"]
[Round "8"]
[White "Kononenko, Dmitry1"]
[Black "Golubka, Petro"]
[Result "0-1"]
[WhiteElo "2312"]
[BlackElo "2408"]
[WhiteFideId "-1"]
[BlackFideId "-1"]
[PlyCount "86"]
[GameId "1715161311023104"]
[EventDate "2021.11.09"]
[EventType "swiss (blitz)"]
[EventRounds "11"]
[EventCountry "NET"]
[SourceTitle "CBM 205 Extra"]
[Source "ChessBase"]
[SourceDate "2022.01.31"]
[SourceVersion "1"]
[SourceVersionDate "2022.01.31"]
[SourceQuality "1"]

1. d4 d5 2. c4 e6 3. Nf3 Nf6 4. g3 Be7 5. Bg2 O-O 6. O-O c6 7. Qc2 b6 8. Rd1 Ba6 9. b3 Nbd7 10. Bb2 Rc8 11. Ne5 Nxe5 12. dxe5 Nd7 13. e4 Re8 14. Nd2 Bb4 15. Rac1 Qe7 16. exd5 cxd5 17. Qd3 Ba3 18. Qb1 Bxb2 19. Qxb2 dxc4 20. Nxc4 Bxc4 21. Rxc4 Rxc4 22. bxc4 Rc8 23. Qd4 Nc5 24. h4 h5 25. Qd6 Qxd6 26. exd6 Kf8 27. f3 Rd8 28. g4 Nb7 29. gxh5 Rxd6 30. Ra1 Nc5 31. a4 a5 32. Kf2 Rd2+ 33. Kg3 Ke7 34. Rb1 Nxa4 35. f4 Rd3+ 36. Kh2 Rd6 37. Rb5 Nc5 38. Kg3 a4 39. Rb4 a3 40. Rb1 a2 41. Ra1 Rd3+ 42. Kf2 Rd2+ 43. Ke3 Rxg2 0-1

[Event "Titled Tuesday 2021.11.09"]
[Site "Chess.com INT"]
[Date "2021.11.09"]
[Round "9"]
[White "Golubka, Petro"]
[Black "Nozdrachev, Leonid"]
[Result "0-1"]
[WhiteElo "2408"]
[BlackElo "2370"]
[WhiteFideId "-1"]
[BlackFideId "-1"]
[PlyCount "56"]
[GameId "1715161311703040"]
[EventDate "2021.11.09"]
[EventType "swiss (blitz)"]
[EventRounds "11"]
[EventCountry "NET"]
[SourceTitle "CBM 205 Extra"]
[Source "ChessBase"]
[SourceDate "2022.01.31"]
[SourceVersion "1"]
[SourceVersionDate "2022.01.31"]
[SourceQuality "1"]

1. d4 Nf6 2. Bf4 g6 3. Nc3 Bg7 4. Qd2 d5 5. Bh6 Bxh6 6. Qxh6 c6 7. f3 b5 8. O-O-O b4 9. Na4 Nbd7 10. e4 Qa5 11. b3 Nb6 12. Nc5 Qxa2 13. Kd2 Qb2 14. Qe3 dxe4 15. Bc4 Bf5 16. fxe4 Ng4 17. Qd3 Nf2 18. exf5 Nxd3 19. Nxd3 Qc3+ 20. Ke3 Rd8 21. Ne2 Nxc4+ 22. bxc4 Qxc4 23. fxg6 hxg6 24. Ra1 Rh4 25. Rxa7 Rhxd4 26. Rc1 Re4+ 27. Kd2 Rxe2+ 28. Kxe2 Rxd3 0-1

[Event "Titled Tuesday 2021.11.09"]
[Site "Chess.com INT"]
[Date "2021.11.09"]
[Round "10"]
[White "Golubka, Petro"]
[Black "Gracia Alvarez, Gerardo Antonio"]
[Result "0-1"]
[WhiteElo "2408"]
[BlackElo "2237"]
[WhiteFideId "-1"]
[BlackFideId "-1"]
[PlyCount "60"]
[GameId "1715161312403456"]
[EventDate "2021.11.09"]
[EventType "swiss (blitz)"]
[EventRounds "11"]
[EventCountry "NET"]
[SourceTitle "CBM 205 Extra"]
[Source "ChessBase"]
[SourceDate "2022.01.31"]
[SourceVersion "1"]
[SourceVersionDate "2022.01.31"]
[SourceQuality "1"]

1. d4 Nf6 2. Bg5 d5 3. Nc3 h6 4. Bh4 Bf5 5. e3 c6 6. Bd3 Bxd3 7. Qxd3 Nbd7 8. Nge2 e6 9. O-O-O Qa5 10. Kb1 b5 11. Nc1 b4 12. N3e2 Ne4 13. f3 Nd6 14. e4 Nc4 15. Be1 Qb6 16. b3 Na3+ 17. Kb2 a5 18. c4 dxc4 19. bxc4 Qa6 20. c5 Qxd3 21. Nxd3 e5 22. Rc1 exd4 23. Nxd4 g6 24. e5 Bg7 25. f4 O-O 26. Nxc6 f6 27. e6 f5+ 28. Kb3 Nf6 29. Nde5 Nd5 30. Nxg6 a4# 0-1

[Event "Titled Tuesday 2021.11.09"]
[Site "Chess.com INT"]
[Date "2021.11.09"]
[Round "11"]
[White "Serikbay, Assel"]
[Black "Golubka, Petro"]
[Result "0-1"]
[WhiteElo "2237"]
[BlackElo "2408"]
[WhiteFideId "-1"]
[BlackFideId "-1"]
[PlyCount "64"]
[GameId "1715161313161216"]
[EventDate "2021.11.09"]
[EventType "swiss (blitz)"]
[EventRounds "11"]
[EventCountry "NET"]
[SourceTitle "CBM 205 Extra"]
[Source "ChessBase"]
[SourceDate "2022.01.31"]
[SourceVersion "1"]
[SourceVersionDate "2022.01.31"]
[SourceQuality "1"]

1. d4 d5 2. Nf3 Nc6 3. g3 Bf5 4. Bg2 Nb4 5. Na3 e6 6. O-O c5 7. c4 Nf6 8. Bf4 a6 9. Ne5 cxd4 10. Qxd4 Be7 11. cxd5 exd5 12. Bg5 Qd6 13. Rfd1 O-O 14. Qf4 Qe6 15. Bxf6 gxf6 16. Nf3 Bg6 17. Nd4 Qe5 18. Rac1 Rac8 19. Bh3 Rxc1 20. Rxc1 Bd6 21. Qd2 Nxa2 22. Rd1 Nb4 23. Nac2 Nxc2 24. Nxc2 Qxb2 25. Qxd5 Bxc2 26. Rd2 Bb4 27. Rd4 Bg6 28. Rh4 Re8 29. Bf5 a5 30. Rxh7 Bxh7 31. Bxh7+ Kg7 32. Bf5 Qxe2 0-1

[Event "Titled Tuesday 2021.11.02"]
[Site "Chess.com INT"]
[Date "2021.11.02"]
[Round "5"]
[White "Golubka, Petro"]
[Black "Cagara, Paulina"]
[Result "1-0"]
[WhiteElo "2438"]
[BlackElo "2045"]
[WhiteFideId "-1"]
[BlackFideId "-1"]
[PlyCount "51"]
[GameId "1712639647084544"]
[EventDate "2021.11.02"]
[EventType "swiss (blitz)"]
[EventRounds "11"]
[EventCountry "NET"]
[SourceTitle "CBM 205 Extra"]
[Source "ChessBase"]
[SourceDate "2022.01.31"]
[SourceVersion "1"]
[SourceVersionDate "2022.01.31"]
[SourceQuality "1"]

1. d4 f5 2. g3 g6 3. Bg2 Bg7 4. Nh3 d6 5. O-O Nc6 6. d5 Ne5 7. c4 Nf6 8. Nc3 O-O 9. b3 c5 10. dxc6 bxc6 11. Bb2 Bb7 12. Nf4 Qd7 13. Na4 Kh8 14. Nc5 Qc8 15. Nfe6 Nfd7 16. Nxd7 Qxd7 17. Nxg7 Qc8 18. f4 Kxg7 19. fxe5 d5 20. e6+ Kg8 21. cxd5 cxd5 22. Rc1 Qxe6 23. Rc7 Qb6+ 24. Qd4 Qxd4+ 25. Bxd4 Bc8 26. Bxd5+ 1-0

[Event "Titled Tuesday 2021.11.02"]
[Site "Chess.com INT"]
[Date "2021.11.02"]
[Round "6"]
[White "Golubka, Petro"]
[Black "Cramling Bellon, Anna"]
[Result "1-0"]
[WhiteElo "2438"]
[BlackElo "2035"]
[WhiteFideId "-1"]
[BlackFideId "-1"]
[PlyCount "59"]
[GameId "1712639648043008"]
[EventDate "2021.11.02"]
[EventType "swiss (blitz)"]
[EventRounds "11"]
[EventCountry "NET"]
[SourceTitle "CBM 205 Extra"]
[Source "ChessBase"]
[SourceDate "2022.01.31"]
[SourceVersion "1"]
[SourceVersionDate "2022.01.31"]
[SourceQuality "1"]

1. d4 Nf6 2. Bg5 d5 3. Nd2 c5 4. dxc5 Nc6 5. c3 e6 6. b4 a5 7. a3 h6 8. Bh4 d4 9. cxd4 Qxd4 10. Ngf3 Qc3 11. Bxf6 Qxf6 12. b5 Nd4 13. Qc1 Bxc5 14. Ne4 Nc2+ 15. Kd2 Qxa1 16. Qxa1 Nxa1 17. Nxc5 b6 18. Na4 Nb3+ 19. Kc2 Nc5 20. Nxb6 Rb8 21. Nc4 O-O 22. e3 Rxb5 23. Nd4 Rb8 24. Nc6 Bd7 25. Nxb8 Rxb8 26. Be2 Ba4+ 27. Kc3 Rb3+ 28. Kd4 Nd7 29. Ra1 Kf8 30. Bd1 1-0

[Event "Titled Tuesday 2021.11.02"]
[Site "Chess.com INT"]
[Date "2021.11.02"]
[Round "7"]
[White "Beulen, Marcel"]
[Black "Golubka, Petro"]
[Result "0-1"]
[WhiteElo "2359"]
[BlackElo "2438"]
[WhiteFideId "-1"]
[BlackFideId "-1"]
[PlyCount "118"]
[GameId "1712639649103872"]
[EventDate "2021.11.02"]
[EventType "swiss (blitz)"]
[EventRounds "11"]
[EventCountry "NET"]
[SourceTitle "CBM 205 Extra"]
[Source "ChessBase"]
[SourceDate "2022.01.31"]
[SourceVersion "1"]
[SourceVersionDate "2022.01.31"]
[SourceQuality "1"]

1. e4 e5 2. Nf3 Nf6 3. Nxe5 d6 4. Nf3 Nxe4 5. d4 Be7 6. Bd3 d5 7. O-O O-O 8. Nbd2 f5 9. Ne5 Nc6 10. Nxc6 bxc6 11. Nf3 Bd6 12. Ne5 c5 13. c3 c4 14. Bc2 f4 15. f3 Ng5 16. b3 Ba6 17. bxc4 Bxe5 18. dxe5 Bxc4 19. Re1 Ne6 20. Bb3 Bxb3 21. axb3 a5 22. Qd3 c6 23. Ba3 Qb6+ 24. Kh1 Rfe8 25. Bd6 Qxb3 26. Reb1 Qc4 27. Qxc4 dxc4 28. Ra4 Ra6 29. h3 Rea8 30. Kg1 Kf7 31. Kf2 Ke8 32. Rb7 R6a7 33. Rb6 Ra6 34. Rb7 R8a7 35. Rb8+ Kf7 36. Ke2 h6 37. Kd2 Ra8 38. Rb7+ Kg6 39. Kc2 R6a7 40. Rxa7 Rxa7 41. Rxc4 Ra6 42. Kb3 Kf5 43. Ka4 g5 44. Re4 Rb6 45. Re2 Rb5 46. c4 Rb1 47. Kxa5 c5 48. Rd2 h5 49. Rd5 Rb2 50. Bxc5 Rxg2 51. Bd6 Rg3 52. Rd3 Rxh3 53. c5 g4 54. fxg4+ hxg4 55. Rd1 g3 56. c6 g2 57. c7 Rh8 58. Kb6 f3 59. Bc5 Nxc5 0-1

[Event "Titled Tuesday 2021.11.02"]
[Site "Chess.com INT"]
[Date "2021.11.02"]
[Round "8"]
[White "Golubka, Petro"]
[Black "Mogirzan, Matei Valeriu"]
[Result "1-0"]
[WhiteElo "2438"]
[BlackElo "1813"]
[WhiteFideId "-1"]
[BlackFideId "-1"]
[PlyCount "35"]
[GameId "1712639649341440"]
[EventDate "2021.11.02"]
[EventType "swiss (blitz)"]
[EventRounds "11"]
[EventCountry "NET"]
[SourceTitle "CBM 205 Extra"]
[Source "ChessBase"]
[SourceDate "2022.01.31"]
[SourceVersion "1"]
[SourceVersionDate "2022.01.31"]
[SourceQuality "1"]

1. d4 e5 2. dxe5 Nc6 3. Nf3 f6 4. exf6 Nxf6 5. Bg5 Bc5 6. e3 O-O 7. Bxf6 Qxf6 8. Qd5+ Kh8 9. Qxc5 d6 10. Qc3 Qg6 11. Na3 Bg4 12. Be2 Bxf3 13. Bxf3 Rxf3 14. gxf3 Ne5 15. O-O-O a6 16. Rhg1 Qe6 17. f4 Nf3 18. Qxg7# 1-0

[Event "Titled Tuesday 2021.11.02"]
[Site "Chess.com INT"]
[Date "2021.11.02"]
[Round "9"]
[White "Johnson, Donald"]
[Black "Golubka, Petro"]
[Result "0-1"]
[WhiteElo "2083"]
[BlackElo "2438"]
[WhiteFideId "-1"]
[BlackFideId "-1"]
[PlyCount "45"]
[GameId "1712639650033664"]
[EventDate "2021.11.02"]
[EventType "swiss (blitz)"]
[EventRounds "11"]
[EventCountry "NET"]
[SourceTitle "CBM 205 Extra"]
[Source "ChessBase"]
[SourceDate "2022.01.31"]
[SourceVersion "1"]
[SourceVersionDate "2022.01.31"]
[SourceQuality "1"]

1. e4 e5 2. Nf3 Nf6 3. Nxe5 d6 4. Nf3 Nxe4 5. Nc3 Nxc3 6. dxc3 Be7 7. Be3 Nc6 8. Qd2 Be6 9. O-O-O Qd7 10. h4 h6 11. b3 a6 12. Kb2 O-O-O 13. c4 d5 14. cxd5 Qxd5 15. Qxd5 Bxd5 16. Be2 Bf6+ 17. Kb1 Rhe8 18. Rd2 Be4 19. h5 Rxd2 20. Bxd2 Bxc2+ 21. Kxc2 Rxe2 22. Kd3 Rxf2 23. g4 0-1

[Event "Titled Tuesday 2021.11.02"]
[Site "Chess.com INT"]
[Date "2021.11.02"]
[Round "10"]
[White "Golubka, Petro"]
[Black "Swicarz, Maciej"]
[Result "1-0"]
[WhiteElo "2438"]
[BlackElo "2338"]
[WhiteFideId "-1"]
[BlackFideId "-1"]
[PlyCount "105"]
[GameId "1712639651115008"]
[EventDate "2021.11.02"]
[EventType "swiss (blitz)"]
[EventRounds "11"]
[EventCountry "NET"]
[SourceTitle "CBM 205 Extra"]
[Source "ChessBase"]
[SourceDate "2022.01.31"]
[SourceVersion "1"]
[SourceVersionDate "2022.01.31"]
[SourceQuality "1"]

1. d4 d6 2. c3 e5 3. Nd2 c6 4. e4 g6 5. Ngf3 Bg7 6. dxe5 dxe5 7. Nc4 Qxd1+ 8. Kxd1 f6 9. Nd6+ Kd7 10. Nf7 Ne7 11. Nxh8 Bxh8 12. a4 Kc7 13. Bc4 Nd7 14. Be3 Nf8 15. Bc5 Kd8 16. Kc2 Be6 17. Rhd1+ Ke8 18. Bxe6 Nxe6 19. Bxe7 Kxe7 20. Nd2 Nf4 21. g3 Ne6 22. h4 Bg7 23. Nc4 Bh6 24. b4 Rc8 25. Rd3 Rc7 26. Kb3 Bf8 27. a5 a6 28. Nb6 Bh6 29. Rad1 Nf8 30. Rd8 Bg7 31. f3 h5 32. g4 hxg4 33. fxg4 Bh6 34. h5 gxh5 35. gxh5 Bg5 36. c4 Bh6 37. c5 Bg5 38. Kc4 Bh6 39. R1d3 Bg5 40. Na8 Rd7 41. R3xd7+ Nxd7 42. Rc8 f5 43. exf5 e4 44. Nb6 Ne5+ 45. Kd4 e3 46. f6+ Kxf6 47. Rf8+ Ke7 48. Rf5 Kd8 49. Rxg5 Nf3+ 50. Kxe3 Nxg5 51. Kf4 Nh7 52. Kf5 Ke7 53. Nc8+ 1-0

[Event "Titled Tuesday 2021.10.26"]
[Site "Chess.com INT"]
[Date "2021.10.26"]
[Round "7"]
[White "Golubka, Petro"]
[Black "Todev, Simeon"]
[Result "1-0"]
[WhiteElo "2438"]
[BlackElo "1931"]
[WhiteFideId "-1"]
[BlackFideId "-1"]
[PlyCount "35"]
[GameId "1710103068041216"]
[EventDate "2021.10.26"]
[EventType "swiss (blitz)"]
[EventRounds "11"]
[EventCountry "NET"]
[SourceTitle "CBM 204 Extra"]
[Source "ChessBase"]
[SourceDate "2021.11.30"]
[SourceVersion "1"]
[SourceVersionDate "2021.11.30"]
[SourceQuality "1"]

1. d4 d5 2. c4 dxc4 3. Nc3 Nf6 4. e4 g6 5. Bxc4 Bg7 6. e5 Nfd7 7. Nf3 O-O 8. h4 c5 9. e6 cxd4 10. exf7+ Kh8 11. Ne4 Nc6 12. h5 Nde5 13. hxg6 Nxg6 14. Rxh7+ Kxh7 15. Nfg5+ Kh6 16. Ne6+ Nf4 17. Bxf4+ Kg6 18. Qg4+ 1-0

[Event "Titled Tuesday 2021.10.26"]
[Site "Chess.com INT"]
[Date "2021.10.26"]
[Round "8"]
[White "Buker, Muhittin"]
[Black "Golubka, Petro"]
[Result "0-1"]
[WhiteElo "1967"]
[BlackElo "2438"]
[WhiteFideId "-1"]
[BlackFideId "-1"]
[PlyCount "98"]
[GameId "1710103068987392"]
[EventDate "2021.10.26"]
[EventType "swiss (blitz)"]
[EventRounds "11"]
[EventCountry "NET"]
[SourceTitle "CBM 204 Extra"]
[Source "ChessBase"]
[SourceDate "2021.11.30"]
[SourceVersion "1"]
[SourceVersionDate "2021.11.30"]
[SourceQuality "1"]

1. d4 Nf6 2. c4 e6 3. Nf3 d5 4. Nc3 a6 5. c5 Nc6 6. Bg5 Bd7 7. e3 Be7 8. Bd3 h6 9. Bh4 b6 10. Na4 O-O 11. Rc1 Nb4 12. Bb1 Qe8 13. b3 Bxa4 14. bxa4 bxc5 15. dxc5 Rb8 16. O-O Nh5 17. Bxe7 Qxe7 18. a3 Nc6 19. Qd3 f5 20. Qxa6 Qd7 21. Qe2 Nf6 22. Bd3 Qe7 23. Bb5 Na5 24. Ne5 Rfc8 25. c6 Ra8 26. Qb2 Rcb8 27. Qb4 Qd8 28. Qf4 Qd6 29. Rc3 Ne4 30. Rd3 g5 31. Qf3 Qxe5 32. Qh5 Kg7 33. Rfd1 Nf6 34. Qh3 Qd6 35. Rc1 h5 36. f4 g4 37. Qh4 Qe7 38. Qg5+ Kf7 39. e4 Nxe4 40. Qxh5+ Kg7 41. Rh3 Rh8 42. Qxh8+ Rxh8 43. Rxh8 Kxh8 44. Rc2 Kg7 45. Rb2 Kf6 46. Rc2 Qd6 47. g3 Ke7 48. Kg2 Qxa3 49. Re2 Qf3+ 0-1

[Event "Titled Tuesday 2021.10.26"]
[Site "Chess.com INT"]
[Date "2021.10.26"]
[Round "9"]
[White "Golubka, Petro"]
[Black "Fabris, Alberto"]
[Result "1-0"]
[WhiteElo "2438"]
[BlackElo "2230"]
[WhiteFideId "-1"]
[BlackFideId "-1"]
[PlyCount "83"]
[GameId "1710103069691904"]
[EventDate "2021.10.26"]
[EventType "swiss (blitz)"]
[EventRounds "11"]
[EventCountry "NET"]
[SourceTitle "CBM 204 Extra"]
[Source "ChessBase"]
[SourceDate "2021.11.30"]
[SourceVersion "1"]
[SourceVersionDate "2021.11.30"]
[SourceQuality "1"]

1. d4 Nf6 2. c4 e6 3. Nc3 Bb4 4. e3 O-O 5. Nge2 d5 6. a3 Be7 7. Ng3 c5 8. dxc5 Bxc5 9. b4 Be7 10. Bb2 Nc6 11. Rc1 dxc4 12. Bxc4 Qxd1+ 13. Nxd1 Bd7 14. e4 Rac8 15. Ne3 Rfd8 16. f4 Be8 17. e5 Nd5 18. Bxd5 exd5 19. Ngf5 Bf8 20. Kd2 Bd7 21. g4 d4 22. Nc4 Bxf5 23. gxf5 Ne7 24. Nd6 Rxc1 25. Rxc1 Nd5 26. Nxb7 Rb8 27. Na5 Nxb4 28. Bxd4 Nd5 29. Nc6 Rb3 30. Nxa7 Nxf4 31. Rc8 Rd3+ 32. Kc2 Rxd4 33. Nc6 Rd7 34. a4 h5 35. a5 Nd3 36. e6 fxe6 37. fxe6 Nc5 38. e7 Rxe7 39. Nxe7+ Kf7 40. Rxc5 Bxe7 41. Rc7 Ke6 42. Rxe7+ 1-0

[Event "Titled Tuesday 2021.10.26"]
[Site "Chess.com INT"]
[Date "2021.10.26"]
[Round "10"]
[White "Golubka, Petro"]
[Black "Kohler, Aran"]
[Result "1-0"]
[WhiteElo "2438"]
[BlackElo "2121"]
[WhiteFideId "-1"]
[BlackFideId "-1"]
[PlyCount "63"]
[GameId "1710103070294016"]
[EventDate "2021.10.26"]
[EventType "swiss (blitz)"]
[EventRounds "11"]
[EventCountry "NET"]
[SourceTitle "CBM 204 Extra"]
[Source "ChessBase"]
[SourceDate "2021.11.30"]
[SourceVersion "1"]
[SourceVersionDate "2021.11.30"]
[SourceQuality "1"]

1. d4 Nf6 2. c4 e6 3. Nc3 d5 4. Nf3 c6 5. e3 Nbd7 6. a4 Bb4 7. Bd2 a5 8. Bd3 O-O 9. O-O dxc4 10. Bxc4 Bd6 11. h3 e5 12. Re1 Qc7 13. Rc1 h6 14. Qc2 Re8 15. Nh4 Nf8 16. d5 e4 17. dxc6 bxc6 18. f4 Qe7 19. Rf1 g5 20. fxg5 hxg5 21. Rxf6 Qxf6 22. Rf1 Qe5 23. Bxf7+ Kh8 24. Bxe8 Qh2+ 25. Kf2 Bg3+ 26. Ke2 Bxh4 27. Rxf8+ Kg7 28. Rf7+ Kh6 29. Qxe4 Bf5 30. Rf6+ Kg7 31. Qe7+ Kh8 32. Rf8# 1-0

[Event "Titled Tuesday 2021.10.26"]
[Site "Chess.com INT"]
[Date "2021.10.26"]
[Round "11"]
[White "Kekic, Armin"]
[Black "Golubka, Petro"]
[Result "0-1"]
[WhiteElo "2164"]
[BlackElo "2438"]
[WhiteFideId "-1"]
[BlackFideId "-1"]
[PlyCount "86"]
[GameId "1710103071039488"]
[EventDate "2021.10.26"]
[EventType "swiss (blitz)"]
[EventRounds "11"]
[EventCountry "NET"]
[SourceTitle "CBM 204 Extra"]
[Source "ChessBase"]
[SourceDate "2021.11.30"]
[SourceVersion "1"]
[SourceVersionDate "2021.11.30"]
[SourceQuality "1"]

1. e4 e5 2. Nf3 Nc6 3. Bb5 Nf6 4. O-O Nxe4 5. d4 Nd6 6. Bxc6 dxc6 7. dxe5 Nf5 8. Qxd8+ Kxd8 9. Nc3 h6 10. h3 b6 11. Bf4 Be6 12. Rad1+ Kc8 13. g4 Ne7 14. Nd4 h5 15. Nxe6 fxe6 16. Bg5 Nd5 17. Nxd5 cxd5 18. f4 Bc5+ 19. Kg2 g6 20. Bf6 Rg8 21. Kh2 Kd7 22. f5 gxf5 23. gxf5 a5 24. c4 c6 25. Rf4 a4 26. Rh4 exf5 27. cxd5 cxd5 28. Rxd5+ Ke6 29. Rd2 Rg6 30. Rg2 Rh6 31. Rg5 a3 32. b3 Rc8 33. Bg7 Rh7 34. Rhxh5 Rxh5 35. Rxh5 Be3 36. Rh8 Rc2+ 37. Kg3 Rxa2 38. Bf6 Rb2 39. Re8+ Kd5 40. e6 Rxb3 41. e7 Bc5+ 42. Kf4 Ke6 43. Bg5 Bd6# 0-1

[Event "Yerevan op"]
[Site "Yerevan ARM"]
[Date "2021.10.16"]
[Round "3.1"]
[White "Gukesh, Dommaraju"]
[Black "Golubka, Petro"]
[Result "1-0"]
[WhiteElo "2640"]
[BlackElo "2438"]
[WhiteFideId "-1"]
[BlackFideId "-1"]
[PlyCount "115"]
[GameId "2130307582358955"]
[EventDate "2021.10.14"]
[EventType "swiss"]
[EventRounds "9"]
[EventCountry "ARM"]
[SourceTitle "10 Days #667"]
[Source "ChessMix"]
[SourceDate "2021.11.01"]
[SourceVersion "1"]
[SourceVersionDate "2021.11.01"]
[SourceQuality "1"]

1. d4 Nf6 2. c4 e6 3. Nf3 d5 4. Nc3 Bb4 5. Qa4+ Nc6 6. a3 Bxc3+ 7. bxc3 Ne4 8. Bf4 Nxc3 9. Qc2 Ne4 10. h4 h6 11. e3 O-O 12. Bd3 Nf6 13. O-O Bd7 14. Rfc1 Rb8 15. Rab1 a6 16. Bg3 Re8 17. Rb2 Ne4 18. Bxe4 dxe4 19. Qxe4 b6 20. Qb1 Ne7 21. e4 f6 22. Rd2 Rf8 23. Qa2 Qc8 24. c5 bxc5 25. Rxc5 Rb7 26. d5 Kh8 27. d6 Nc6 28. e5 f5 29. Qc4 Qe8 30. Rd1 cxd6 31. exd6 Rb5 32. Be5 Rxc5 33. Qxc5 Kh7 34. Rb1 Qa8 35. Qc3 Rg8 36. Rb6 a5 37. Bf4 Rc8 38. Rb1 a4 39. Qd3 Rb8 40. Kh2 Qa7 41. Be3 Qa8 42. Bf4 Rxb1 43. Qxb1 Qd8 44. Qb7 Qe8 45. Be5 Nd8 46. Qb2 Qf7 47. Ne1 Qh5 48. Bxg7 Qxh4+ 49. Kg1 Nf7 50. Bf8 Qg4 51. Qf6 Kg8 52. Bxh6 Bc6 53. Qxe6 Bxg2 54. Qe8+ Kh7 55. Qxf7+ Kxh6 56. Qf6+ Kh5 57. Nxg2 Qd1+ 58. Kh2 1-0